Tracking Innovation to Advance the Danube Tech Valley

Uložené v:
Podrobná bibliografia
Hlavný autor: Blanchard, Olivia Marie, 1998-
Korporácia: Danube Tech Valley, GLOBSEC, Dealroom.co
Médium: Kniha
Jazyk:English
Vydavateľské údaje: Bratislava GLOBSEC 2022
Vydanie:1st Edition
Predmet:
Tagy: Pridať tag
Žiadne tagy, Buďte prvý, kto otaguje tento záznam!

MARC

LEADER 00000nlm a2200000 4500
001 0312939
005 20251027121532.0
041 0 |a eng 
044 |a SK 
245 1 0 |a Tracking Innovation to Advance the Danube Tech Valley  |c Olivia Marie Blanchard 
250 |a 1st Edition 
264 1 |a Bratislava  |b GLOBSEC  |c 2022 
300 |a 15 s. 
610 2 0 |a technológie nové 
610 2 0 |a sektor technologický 
610 2 0 |a inovácie technologické 
610 2 0 |a ekosystémy 
610 2 0 |a rozvoj regionálny 
610 2 0 |a investori 
610 2 0 |a stredná Európa 
100 1 |a Blanchard, Olivia Marie, 1998- 
710 2 |a Danube Tech Valley 
710 2 |a GLOBSEC 
710 2 |a Dealroom.co